000 00758nam a2200193Ia 4500
008 0000001989 bl a 0000000000por00
090 _aPSP00 R11r
245 1 0 _aRabascall
_c/ fotografías Adam Rzepka
300 _a16 p.
_c/ 28 cm.
500 _aExposición realizada en Galeria Luisa Strina, Sao Paulo, Agosto, 1989 \ Texto en portugues, inglés, francés \ Con el patronazgo del maestro venezolano Jesús Rafael Soto (q.e.p.d.) \
600 0 0 _aRABASCALL, JOAN, 1935/
_xTRABAJOS PICTORICOS
650 1 4 _aARTE CONTEMPORANEO ESPAÑOL
650 1 4 _xCATALOGOS
650 1 4 _xEXPOSICIONES
650 1 4 _aPINTORES ESPAÑOLES
650 1 4 _aPINTURA ESPAÑOLA
700 1 _aRzepka, Adam
999 _c6758
_d6758
260 _aSao Paulo : Galería Luisa Strina
_c1989